The strategic approach to derelict land reclamation. (Record no. 93150)

MARC details
000 -LEADER
fixed length control field 01037cam a2200301 4500
008 - FIXED-LENGTH DATA ELEMENTS--GENERAL INFORMATION
fixed length control field 090401t1992 xxu||||| |||| 00| 0 eng d
020 ## - INTERNATIONAL STANDARD BOOK NUMBER
International Standard Book Number 0117524905
035 ## - SYSTEM CONTROL NUMBER
System control number (Sirsi) u52720
041 ## - LANGUAGE CODE
Language code of text/sound track or separate title eng
050 ## - LIBRARY OF CONGRESS CALL NUMBER
Classification number 333.73
100 ## - MAIN ENTRY--PERSONAL NAME
Personal name Johnson, David
245 #4 - TITLE STATEMENT
Title The strategic approach to derelict land reclamation.
260 ## - PUBLICATION, DISTRIBUTION, ETC.
Place of publication, distribution, etc. London
Name of publisher, distributor, etc. HMSO
Date of publication, distribution, etc. 1992
300 ## - PHYSICAL DESCRIPTION
Extent x,28p. ; 30cm.
350 ## - PRICE (NR) (BK AM CF MU VM SE) [OBSOLETE]
Price 8
520 ## - SUMMARY, ETC.
Summary, etc. Final report of a study, commissioned by the DoE from the Public Sector Management Research Centre, Aston University Business School, which investigated the ways in which local authorities determined their derelict land reclamation priorities.
650 ## - SUBJECT ADDED ENTRY--TOPICAL TERM
Topical term or geographic name entry element DERELICT LAND
650 ## - SUBJECT ADDED ENTRY--TOPICAL TERM
Topical term or geographic name entry element LAND RECLAMATION
650 ## - SUBJECT ADDED ENTRY--TOPICAL TERM
Topical term or geographic name entry element LOCAL AUTHORITIES
690 ## - LOCAL SUBJECT ADDED ENTRY--TOPICAL TERM (OCLC, RLIN)
Topical term or geographic name as entry element LAND
700 ## - ADDED ENTRY--PERSONAL NAME
Personal name Martin, Steve
700 ## - ADDED ENTRY--PERSONAL NAME
Personal name Pearce, Graham
700 ## - ADDED ENTRY--PERSONAL NAME
Personal name Simmons, Steve
710 ## - ADDED ENTRY--CORPORATE NAME
Corporate name or jurisdiction name as entry element United Kingdom
Subordinate unit Department of the Environment
9 (RLIN) 982
710 ## - ADDED ENTRY--CORPORATE NAME
Corporate name or jurisdiction name as entry element Public Sector Management Research Centre
9 (RLIN) 480
942 ## - ADDED ENTRY ELEMENTS (KOHA)
Suppress in OPAC 0
948 ## - LOCAL PROCESSING INFORMATION (OCLC); SERIES PART DESIGNATOR (RLIN)
c (OCLC) 04/03/1997
Holdings
Withdrawn status Lost status Source of classification or shelving scheme Damaged status Not for loan Home library Current library Shelving location Date acquired Cost, normal purchase price Total Checkouts Full call number Barcode Date last seen Copy number Cost, replacement price Price effective from Koha item type
    Dewey Decimal Classification     London London Basement 27/08/1992 8.00   SHELF 202 30033914 06/08/2019 1 8.00 06/08/2019 Book